| 000 | 00467cam a22002052a 4500 | ||
|---|---|---|---|
| 001 | 002617 | ||
| 003 | AR-FADEU | ||
| 008 | 311216n1969####xxu####################dd | ||
| 092 |
_a121 _bG397 |
||
| 100 | _aGeymonat, Ludovico | ||
| 245 | _aEl pensamiento cientÃfico | ||
| 250 | _a4a. ed | ||
| 260 | _aBuenos Aires | ||
| 260 | _bEUDEBA | ||
| 260 | _c1969 | ||
| 300 | _a151 p | ||
| 440 | _aCuadernos de Eudeba | ||
| 650 | _aCIENCIA; FILOSOFIA | ||
| 942 | _cBDGR | ||
| 999 |
_c8449 _d8449 |
||